书目信息 |
| 书名: | Principles of electricity | |
| 作者: | by Leigh Page and Norman Ilsley Adams, jr | |
| 分册号: | ||
| 分册名: | 出版地: | New York : |
|
| 出版社: | D. Van Nostrand company, inc | |
| 出版时间: | 1931. | |
| 页数: | xii, 620 p. : | |
| 开本: | 23 cm. | |
| 丛书名: | University physics series | |
| 中图分类号: | ||
| 科图分类号: | ||
| 其他分类号: | O44 | |
| 主题词: | ||
| 电子资源: | ||
| 000 | 01049nam 2200301 a 4500 | |
| 001 | E0734219202 | |
| 004 | 001197835 | |
| 005 | 20070727094018.78 | |
| 008 | 870609s1931 nyua 000 0 eng | |
| 008 | 4001uueng0000000 | |
| 010 | @a31016576 | |
| 035 | @aa(DLC) 31016576 | |
| 040 | @aDLC/ICU @cICU @dDLC @dCcBjTSG | |
| 050 | 00 | @aQC518 @b.P32 |
| 090 | @aQC518 @bP12 | |
| 090 | @aO44 | |
| 096 | @aQC518 | |
| 099 | @dO44@ex12 | |
| 100 | 1 | @aPage, Leigh, @d1884- |
| 245 | 10 | @aPrinciples of electricity :@ban intermediate text in electricity and magnetism / @cby Leigh Page and Norman Ilsley Adams, jr |
| 260 | @aNew York :@bD. Van Nostrand company, inc.,@c1931. | |
| 300 | @axii, 620 p. :@bill., diagrs. ;@c23 cm. | |
| 440 | 0 | @aUniversity physics series |
| 500 | @aA local reprint. | |
| 650 | 0 | @aElectricity. |
| 650 | 0 | @aElectromagnetism. |
| 700 | 1 | @aAdams, Norman Ilsley, @d1895- @b01 @c20050718 @lNLC09 @h1803 @b01 @c20050718 @lNLC09 @h1803 @b40 @c20050920 @lNLC09 @h1746 |
| 852 | 01 | @bWWJC @cJ17N @hQC518 @iP12 |
| Principles of electricity : : an intermediate text in electricity and magnetism / / by Leigh Page and Norman Ilsley Adams, jr.-New York : : D. Van Nostrand company, inc., , 1931. |
| xii, 620 p. : : ill., diagrs. ; ; 23 cm.- (University physics series ) |
| A local reprint. |
| ISBN |
| ● |
| 相关链接 |
|
|
|
|
正题名:Principles of electricity
索取号:O44/x12
 
预约/预借
| 序号 | 登录号 | 条形码 | 馆藏地/架位号 | 状态 | 备注 |
| 1 | 13720 | 300137206 | 第二样本阅览室/ [索取号:O44/x12] | 在馆 |